00334nam a2200121Ia 4500008004000000082001600040100002000056245004800076250000500124260006000129300000700189650001600196210210b1979 xxu||||| |||| 00| 0 eng d a653.42 KUTA aKUTHIALA (O P). aAides to spellings, distinctive words, etc. a aNew Delhi.bPitman shorthand school publications,c1979 a45 aShorthand